Complex Variables: Theory And Applications (Record no. 7612)

000 -LEADER
fixed length control field 00470 a2200157 4500
020 ## - INTERNATIONAL STANDARD BOOK NUMBER
International Standard Book Number 8120317394
040 ## - CATALOGING SOURCE
Original cataloging agency DLC
Language of cataloging DLC
082 ## - DEWEY DECIMAL CLASSIFICATION NUMBER
Classification number 515.905
100 ## - MAIN ENTRY--PERSONAL NAME
Personal name Kasana, H. S.
245 ## - TITLE STATEMENT
Title Complex Variables: Theory And Applications
Statement of responsibility, etc. H. S. Kasana
260 ## - PUBLICATION, DISTRIBUTION, ETC.
Place of publication, distribution, etc. New Delhi:
Name of publisher, distributor, etc. Prentice-Hall of India Pvt. Ltd.,
Date of publication, distribution, etc. 2001.
300 ## - PHYSICAL DESCRIPTION
Extent viii, 465 p.
Dimensions : ill.
Accompanying material ; 24 cm.
500 ## - GENERAL NOTE
General note Includes Index
650 ## - SUBJECT ADDED ENTRY--TOPICAL TERM
Topical term or geographic name entry element Functions of complex variables.
942 ## - ADDED ENTRY ELEMENTS (KOHA)
Koha item type Book
Call number prefix 515.905 KAS
Source of classification or shelving scheme
Holdings
Withdrawn status Lost status Damaged status Not for loan Collection code Permanent Location Current Location Shelving location Date acquired Source of acquisition Cost, normal purchase price Total Checkouts Full call number Barcode Date last seen Price effective from Koha item type
          Central Library (CL) Central Library (CL) General Stacks 07/31/2003 Pak Book Corporation 373.62   515.905 KAS seecs003703 11/14/2012 01/05/2017 Book
          Central Library (CL) Central Library (CL) General Stacks 07/31/2003 Pak Book Corporation 373.62   515.905 KAS seecs003704 11/14/2012 01/05/2017 Book
© 2023 Central Library, National University of Sciences and Technology. All Rights Reserved.